| 000 | 00426nam a2200133 a 4500 | ||
|---|---|---|---|
| 008 | 120416s1978 ||||||||||||||||| || u | ||
| 050 | _aPS 3553.U75V5 | ||
| 100 | _aCussler, Clive | ||
| 245 | 1 | 0 | _aVixen 03 |
| 260 |
_aLondon _bBook Club Associates _c1978 |
||
| 300 | _a320p. | ||
| 350 | _a0.00 | ||
| 995 |
_D0.00 _FCBU-MAIN LIBRARY (Kitwe) _H1 _I4.95 _M1 _UDAMAGED _ZFiction Collection |
||
| 999 |
_c61354 _d61354 |
||